| 000 | 00000nam##2200000za#4500 |
| 001 | 9.680650 |
| 003 | CaOODSP |
| 005 | 20200401074911 |
| 007 | ta |
| 008 | 150407|1999||||xxc||||| f|0| 0 fre|d |
| 020 | |a0-662-83424-0 |
| 040 | |aCaOODSP|bfre |
| 043 | |an-cn--- |
| 086 | 1 |aH21-145/1999F |
| 110 | 1 |aCanada.|bSanté Canada. |bConseil consultatif sur l'infostructure de la santé. |
| 245 | 10|aInforoute santé du Canada : |bvoies vers une meilleure santé, rapport final / |cPublié par le Bureau de la santé et l'inforoute. |
| 260 | |aOttawa - Ontario : |bSanté Canada. |c1999. |
| 300 | |a100p. en pagination multiple. : |bill. ; |c28 cm. |
| 500 | |a«Le présent rapport décrit comment les nouvelles technologies de l'information et des communications, déployées de façon stratégique dans une infostructure de la santé pancanadienne (aussi appelée, selon une formule plus brève, inforoute Santé du Canada), peuvent contribuer de façon importante à responsabiliser la population du pays en lui fournissant une meilleure information sur la santé ainsi que de nouvelles possibilités.»--Page 3. |
| 520 | 3 |aLe présent rapport décrit comment les nouvelles technologies de l'information et des communications, déployées de façon stratégique dans une infostructure de la santé pancanadienne (aussi appelée, selon une formule plus brève, inforoute Santé du Canada), peuvent contribuer de façon importante à responsabiliser la population du pays en lui fournissant une meilleure information sur la santé ainsi que de nouvelles possibilités.--Page 3 |
| 563 | |aCouverture souple |
| 590 | |a99-08|b1999-02-26 |
| 691 | 07|aPromotion de la santé|2gcpds |
| 691 | 07|aRégime de soins de santé|2gcpds |
| 691 | 07|aTechnologie de l'information|2gcpds |
| 775 | 08|tCanada Health Infoway : |w(CaOODSP)9.647225 |
| 776 | 0#|tInforoute santé du Canada : |w(CaOODSP)9.640455 |